A history of the articles of religion (Registro nro. 172544)

Detalles MARC
000 -LEADER
campo de control de longitud fija 00700nam a2200157 i 4500
001 - NÚMERO DE CONTROL
campo de control 172544
003 - IDENTIFICADOR DE NÚMERO DE CONTROL
campo de control ES-MaACL
005 - FECHA Y HORA DE LA ÚLTIMA TRANSACCIÓN
campo de control 20230906214941.0
008 - DATOS DE LONGITUD FIJA--INFORMACIÓN GENERAL
campo de control de longitud fija 090716s1881 xxk |||| | eng d
100 1# - ENTRADA PRINCIPAL--NOMBRE DE PERSONA
Nombre de persona Hardwick, Charles.
9 (RLIN) 141094
245 12 - MENCIÓN DEL TÍTULO
Título A history of the articles of religion
Resto del título : to which is added a series od documents from A. D. 1536 to A. D. 1615, together with illustrations from contemporary sources /
Mención de responsabilidad, etc. by Charles Hardwick.
260 ## - PUBLICACIÓN, DISTRIBUCIÓN, ETC.
Lugar de publicación, distribución, etc. London :
Nombre del editor, distribuidor, etc. George Bell & Sons,
Fecha de publicación, distribución, etc. 1881.
300 ## - DESCRIPCIÓN FÍSICA
Extensión XX, 420, 24 p. ;
Dimensiones 19 cm.
610 24 - PUNTO DE ACCESO ADICIONAL DE MATERIA--NOMBRE DE ENTIDAD CORPORATIVA
Nombre de entidad corporativa o nombre de jurisdicción como elemento de entrada Church of England.
9 (RLIN) 141095
852 ## - LOCALIZACIÓN
Ubicación ES-MaACL
Número de control de estantería E-12861
itemnumber R.139149
Nota libre .- Biblioteca Jacinto Martínez Lacalle
-- .- Enc. editorial en tela grab. cromolit.
Existencias
Estatus retirado Estado de pérdida Estado de daño No para préstamo Colección Biblioteca de origen Biblioteca actual Ubicación en estantería Fecha de adquisición Fuente de adquisición Total de préstamos Signatura topográfica completa Código de barras Visto por última vez Precio de reemplazo Tipo de ítem Koha
        Libros del s. XIX Biblioteca del Ateneo de Madrid Biblioteca del Ateneo de Madrid Depósito 2 16/07/2009     E-12861 1181071 23/02/2023 23/02/2023 Libro impreso antiguo